00934 2200325 4500001002100000005001500021035002000036007000300056040001200059100001900071245004900090300003000139504002400169020002200193041000800215082000800223084001400231090001400245260004700259260004900306264004900355650001400404700003500418850001000453008004100463990002500504990002500529990002500554990002900579INLIS00000000000254420260601024329 a0010-0220000395ta aSBPUPAD0 aNaning Pranoto1 aSeni Menulis Cerita Pendek /cNaning Pranoto avi, 118. :bilus ;c20 cm aBiblografi, hlm 160 a978-602-70584-8-4 aind a808 a808 NAN s a808 NAN s a.--Jakarta :bOpus Agrapana Mandiri,c2009 a,--Cipayung :bOpuss Agrapana Mandiri,c2015 a,--Cipayung :bOpuss Agrapana Mandiri,c2015 4apenulisan aEditor, TIM Editor Opuss Press aPUPAD260601 0  a22.201/KAPD/PDG/2016 a22.202/KAPD/PDG/2016 a22.203/KAPD/PDG/2016 a22.202/KAPD/PDG/2016 (B)